00344 a2200109 450000500170000002000180001708200150003510000160005024501100006626000380017630000200021420250627115320.0 a0-8213-5892-8 a346.07 GER aGERADIN, D. aCompetition Law and Regional Economics Intergration: An Analysis of the Southern Mediterranean Countries. aNew York.bThe World Bank,c2004. axi,81p.; c23cm